000 00537nam a2200193Ia 4500
005 20250326144948.0
008 250326s9999 xx 000 0 und d
020 _a1-4039-4793-7
037 _aTextbook
040 _aFMSL
_beng
_cFMSL
041 _aeng
_2eng
084 _aX65 P6
_qFMSL
100 _aBelongia M T
_9750385
245 0 _aMoney, measurement and computation
_cBelongia M T; Binner J M
260 _aNY
_bNY, Palgrave Macmillan
_c2006
300 _a263p
942 _cTB
_hX65 P6
999 _c1305819
_d1305819